000
00140 a2200073 4500
020
_a
6848614x
082
_a
09400413585
245
_a
Saving Faith
999
_c
787254
_d
787253
942
_w
13411
_x
Bongani Makatu
_y
13411
_z
Bongani Makatu